| 000 | 00369nab a22001097u 4500 | ||
|---|---|---|---|
| 008 | 130520b2007 xxu||||| |||| 00| 0 spa d | ||
| 041 | _aspa | ||
| 100 | 1 |
_aChauvet, Louis-Marie _910539 |
|
| 245 | 0 | 0 |
_aNueva cultura, nuevas demandas rituales: desafíos para la Iglesia _cLouis-Marie Chauvet |
| 773 | 0 |
_tConcilium _gnº323,2007,págs. 27-40 _x0210-1041 _wRev134 |
|
| 942 | _cAR | ||
| 999 |
_c382903 _d382903 |
||